[Event "77 España ch 2012"]
[Site "Maspalomas ESP"]
[Date "2012.10.06"]
[Round "8.48"]
[White "Agejas Garcia, Diego"]
[Black "Suarez Pazos, Alberto"]
[Result "0-1"]
[WhiteElo "1390"]
[BlackElo "1741"]
[PlyCount "38"]
[EventDate "2012.09.29"]
[EventType "swiss"]
[EventRounds "9"]
[EventCountry "ESP"]
[Source "lmi"]
[SourceDate "2012.09.29"]

1. Nf3 Nf6 2. d4 d5 3. c4 c6 4. e3 a6 5. Nc3 b5 6. c5 Bg4 7. Be2 Nbd7 8. a3 Qc7
9. b4 e5 10. Bb2 e4 11. h3 Bxf3 12. gxf3 exf3 13. Bxf3 g6 14. Ne2 Bh6 15. Ng3
Bxe3 16. Qe2 O-O-O 17. Qxe3 Rhe8 18. Ne4 Nxe4 19. O-O-O Ng3 0-1

[Event "77 España ch 2012"]
[Site "Maspalomas ESP"]
[Date "2012.10.06"]
[Round "8.49"]
[White "Salazar Martin, Jose Maria"]
[Black "Morales Sanchez, Domingo"]
[Result "1-0"]
[WhiteElo "1855"]
[BlackElo "1512"]
[PlyCount "133"]
[EventDate "2012.09.29"]
[EventType "swiss"]
[EventRounds "9"]
[EventCountry "ESP"]
[Source "lmi"]
[SourceDate "2012.09.29"]

1. d4 d5 2. Bg5 b6 3. c4 c6 4. Nc3 Nf6 5. Bxf6 exf6 6. cxd5 cxd5 7. e3 Nc6 8.
a3 a6 9. Qb3 Be6 10. Nf3 b5 11. Bd3 Be7 12. Rc1 Na5 13. Qd1 O-O 14. O-O Qb6 15.
Nh4 g6 16. f4 f5 17. Nxf5 gxf5 18. Qh5 Rad8 19. Rf3 f6 20. Bxf5 Bxf5 21. Qxf5
Rf7 22. Nxd5 Qd6 23. Rg3+ Rg7 24. Rxg7+ Kxg7 25. Rc7 Nc6 26. Qg4+ Kh8 27. Rxc6
Qxc6 28. Nxe7 Qc1+ 29. Kf2 Qd2+ 30. Qe2 Qxe2+ 31. Kxe2 Kg7 32. Kd3 Rd7 33. Nf5+
Kf7 34. e4 Rc7 35. h4 Rc1 36. d5 Rb1 37. Kc2 Re1 38. g4 Rf1 39. e5 Rxf4 40. Kc3
fxe5 41. Ne3 Kf6 42. d6 Ke6 43. d7 Kxd7 44. Nd5 Rd4 45. Nf6+ Ke6 46. Nxh7 Rxg4
47. Ng5+ Kf5 48. Nf7 Ke6 49. Ng5+ Kd5 50. Nh7 Rg3+ 51. Kc2 Rh3 52. Nf6+ Ke6 53.
Ne8 Kd7 54. Nf6+ Ke6 55. Ne4 Kd5 56. Nc3+ Kc4 57. Ne4 Kd4 58. Nd6 Rxh4 59. Nf5+
Ke4 60. Nxh4 Ke3 61. Kc3 e4 62. Nf5+ Ke2 63. Nd6 e3 64. Nxb5 Kd1 65. Nd4 e2 66.
Nxe2 Kxe2 67. b4 1-0

[Event "77 España ch 2012"]
[Site "Maspalomas ESP"]
[Date "2012.10.06"]
[Round "8.50"]
[White "Garcia Cruz, Jose Manuel"]
[Black "Ruiz Macias, Anabel"]
[Result "1/2-1/2"]
[WhiteElo "1368"]
[BlackElo "1455"]
[PlyCount "92"]
[EventDate "2012.09.29"]
[EventType "swiss"]
[EventRounds "9"]
[EventCountry "ESP"]
[Source "lmi"]
[SourceDate "2012.09.29"]

1. d4 g6 2. c4 Bg7 3. Nf3 d6 4. Nc3 Nf6 5. e4 O-O 6. h3 c5 7. d5 e6 8. Be2 Qb6
9. O-O Bd7 10. Re1 exd5 11. exd5 Na6 12. Rb1 Rfe8 13. a3 Ne4 14. Nxe4 Rxe4 15.
Bd3 Rxe1+ 16. Nxe1 Re8 17. b3 Qa5 18. Nf3 b5 19. Kf1 bxc4 20. bxc4 Bc3 21. Bd2
Bxd2 22. Nxd2 Qxa3 23. Ne4 Bf5 24. Nf6+ Kf8 25. Bxf5 Ra8 26. Nxh7+ Kg7 27. Bxg6
fxg6 28. Rb7+ Kh8 29. g3 Nb4 30. Qb1 Qd3+ 31. Qxd3 Nxd3 32. Rd7 a5 33. Ke2 Ne5
34. Rb7 Nxc4 35. Kd3 Ne5+ 36. Kc3 a4 37. Ng5 a3 38. Rb1 Kg8 39. Ne4 Ra6 40. Ra1
c4 41. f4 Nf3 42. Nd2 Nxd2 43. Kxd2 Kf7 44. Kc3 Ra4 45. h4 Kf6 46. Kd4 Kf5
1/2-1/2

[Event "77 España ch 2012"]
[Site "Maspalomas ESP"]
[Date "2012.10.06"]
[Round "8.51"]
[White "Salcedo Izquierdo, Rafael"]
[Black "Gonzalez Acosta, Pablo"]
[Result "0-1"]
[WhiteElo "1445"]
[BlackElo "1906"]
[PlyCount "46"]
[EventDate "2012.09.29"]
[EventType "swiss"]
[EventRounds "9"]
[EventCountry "ESP"]
[Source "lmi"]
[SourceDate "2012.09.29"]

1. d4 d5 2. c4 e6 3. Nc3 Nf6 4. e3 Nbd7 5. Nf3 c6 6. Bd3 Bd6 7. O-O O-O 8. Re1
e5 9. dxe5 Nxe5 10. cxd5 Nxf3+ 11. gxf3 Nxd5 12. Nxd5 cxd5 13. Bf1 Qg5+ 14. Kh1
Qh4 15. f4 Qxf2 16. Re2 Qf3+ 17. Bg2 Qh5 18. Bxd5 Bg4 19. Bxf7+ Rxf7 20. Qxd6
Bxe2 21. Bd2 Bf3+ 22. Kg1 Qh3 23. Kf2 Qg2+ 0-1

[Event "77 España ch 2012"]
[Site "Maspalomas ESP"]
[Date "2012.10.06"]
[Round "8.53"]
[White "Ramirez Maillo, Cristian"]
[Black "Guerrero Orihuela, Jose Luis"]
[Result "0-1"]
[WhiteElo "1164"]
[BlackElo "1562"]
[PlyCount "46"]
[EventDate "2012.09.29"]
[EventType "swiss"]
[EventRounds "9"]
[EventCountry "ESP"]
[Source "lmi"]
[SourceDate "2012.09.29"]

1. e4 c5 2. c3 e5 3. Nf3 Nc6 4. d4 exd4 5. cxd4 cxd4 6. Nxd4 Bb4+ 7. Bd2 Qe7 8.
Nxc6 Qxe4+ 9. Qe2 Qxe2+ 10. Bxe2 Bxd2+ 11. Nxd2 dxc6 12. O-O Be6 13. Rfe1 O-O-O
14. Bc4 Rxd2 15. Bxe6+ fxe6 16. b4 Nf6 17. Rxe6 Rhd8 18. h3 Rd1+ 19. Rxd1 Rxd1+
20. Kh2 Rd2 21. Re7 Rxa2 22. Rxg7 Rxf2 23. Rf7 Ng4+ 0-1

[Event "77 España ch 2012"]
[Site "Maspalomas ESP"]
[Date "2012.10.07"]
[Round "9.2"]
[White "Arizmendi Martinez, Julen Luis"]
[Black "Larino Nieto, David"]
[Result "1-0"]
[WhiteElo "2560"]
[BlackElo "2487"]
[PlyCount "171"]
[EventDate "2012.09.29"]
[EventType "swiss"]
[EventRounds "9"]
[EventCountry "ESP"]
[Source "lmi"]
[SourceDate "2012.09.29"]

1. d4 Nf6 2. c4 g6 3. Nc3 Bg7 4. e4 d6 5. Nf3 O-O 6. Be2 e5 7. O-O Na6 8. Bg5
Qe8 9. Bxf6 Bxf6 10. c5 exd4 11. Nd5 Bg7 12. Bxa6 bxa6 13. Nxc7 Qxe4 14. Nxa8
dxc5 15. Rc1 Qxa8 16. Rxc5 Rd8 17. Qd3 Qb7 18. b3 Bf5 19. Qc4 Be6 20. Qd3 Bf5
21. Qc4 Be6 22. Qd3 Bf8 23. Re5 Bf5 24. Rxf5 gxf5 25. Qxf5 Bg7 26. Rd1 Rd5 27.
Qe4 Qd7 28. Ne1 Re5 29. Qf3 h6 30. Nd3 Rg5 31. g3 Kh7 32. h4 Ra5 33. Rd2 Rd5
34. Rc2 a5 35. Qf4 Qe6 36. Qf3 Qd7 37. Kg2 a4 38. bxa4 Rd6 39. Rc5 Rf6 40. Qe4+
Kg8 41. Re5 Re6 42. Rxe6 fxe6 43. Nc5 Qd5 44. Qxd5 exd5 45. g4 Kf7 46. h5 Bf8
47. Nd3 Bd6 48. f4 Kf6 49. Kf3 a5 50. Nf2 Ba3 51. Nd3 Bd6 52. Ke2 Bc7 53. Kf2
Bb8 54. Kg3 Bd6 55. Kf3 Ba3 56. Kg3 Bd6 57. Kg2 Bb8 58. Kf3 Bd6 59. Ne1 Bb4 60.
Ke2 Bd6 61. Ng2 Bc5 62. Kd3 Bb6 63. Kd2 Bc7 64. Kd3 Bb6 65. Nh4 Bc7 66. Ng6 Bb6
67. Ne5 Kg7 68. Nf3 Bc7 69. Nxd4 Kf6 70. Ne2 Ke6 71. Ke3 Bb6+ 72. Kf3 Bc5 73.
Ng3 Ba3 74. Nf5 Bf8 75. Ke3 Bc5+ 76. Ke2 Bf8 77. Kf3 Kf6 78. Ke3 Ke6 79. Kd4
Ba3 80. Nxh6 Bc1 81. Nf5 Bxf4 82. h6 Be5+ 83. Kc5 Bh8 84. Nd4+ Kf6 85. Kxd5 Kg5
86. Nc6 1-0

[Event "77 España ch 2012"]
[Site "Maspalomas ESP"]
[Date "2012.10.07"]
[Round "9.3"]
[White "Munoz Pantoja, Miguel"]
[Black "Garrido Dominguez, Jesus"]
[Result "1-0"]
[WhiteElo "2476"]
[BlackElo "2396"]
[PlyCount "137"]
[EventDate "2012.09.29"]
[EventType "swiss"]
[EventRounds "9"]
[EventCountry "ESP"]
[Source "lmi"]
[SourceDate "2012.09.29"]

1. e4 e5 2. Nf3 Nc6 3. Bc4 Bc5 4. c3 Nf6 5. d3 O-O 6. O-O Be7 7. Re1 d6 8. Nbd2
Na5 9. Bb5 Bd7 10. Ba4 Bxa4 11. Qxa4 Nc6 12. Nf1 Nd7 13. Be3 Bf6 14. Rad1 a5
15. Qb5 Qc8 16. a4 Nd8 17. d4 Ne6 18. dxe5 Nxe5 19. Nxe5 Bxe5 20. g3 g6 21. f4
Bg7 22. Bf2 Qe8 23. Qxe8 Rfxe8 24. Nd2 g5 25. e5 gxf4 26. exd6 fxg3 27. Bxg3
cxd6 28. Bxd6 Rac8 29. Ne4 Red8 30. Be7 Rxd1 31. Rxd1 Rc7 32. Nf6+ Bxf6 33.
Bxf6 h6 34. Bd8 Rc5 35. Bb6 Re5 36. Rd7 Nc5 37. Bxc5 Rxc5 38. Rxb7 Rc4 39. Kf2
Rxa4 40. Rb5 Ra2 41. Ke3 a4 42. c4 a3 43. bxa3 Rxa3+ 44. Kd4 Kf8 45. Re5 Ra2
46. h4 Rh2 47. Re4 Rh1 48. c5 f5 49. Re5 Rxh4+ 50. Kd5 Rh1 51. c6 Rc1 52. Kd6
Rd1+ 53. Ke6 Rc1 54. Rxf5+ Ke8 55. Kd6 Rd1+ 56. Kc7 Ke7 57. Rh5 Rb1 58. Rxh6
Rb2 59. Rh3 Re2 60. Rd3 Ke8 61. Kc8 Ke7 62. Rd4 Rc2 63. Rd7+ Ke6 64. c7 Rh2 65.
Rd8 Rb2 66. Re8+ Kf7 67. Re5 Kf6 68. Re4 Kf5 69. Re8 1-0

[Event "77 España ch 2012"]
[Site "Maspalomas ESP"]
[Date "2012.10.07"]
[Round "9.4"]
[White "Recuero Guerra, David"]
[Black "Perez Candelario, Manuel"]
[Result "1/2-1/2"]
[WhiteElo "2450"]
[BlackElo "2575"]
[PlyCount "70"]
[EventDate "2012.09.29"]
[EventType "swiss"]
[EventRounds "9"]
[EventCountry "ESP"]
[Source "lmi"]
[SourceDate "2012.09.29"]

1. e4 g6 2. d4 Bg7 3. Nf3 d6 4. Bc4 e6 5. Bb3 Ne7 6. Nbd2 b6 7. O-O O-O 8. c3
c5 9. Re1 cxd4 10. cxd4 Nbc6 11. Nf1 Ba6 12. a3 Rc8 13. Ne3 Qc7 14. Ba2 h6 15.
b4 Kh7 16. Bb2 Qd7 17. Qd2 Nd8 18. Rad1 Bb7 19. Bb1 f6 20. Qe2 Nf7 21. Nh4 Ng5
22. Nf1 d5 23. exd5 Bxd5 24. Ne3 f5 25. Nxd5 Nxd5 26. Nf3 Nxf3+ 27. Qxf3 Rc6
28. b5 Rc7 29. Qe2 Re8 30. a4 h5 31. Ba2 Kg8 32. h3 Rcc8 33. Bb3 Bh6 34. Qf3
Rcd8 35. Bc1 Kg7 1/2-1/2

[Event "77 España ch 2012"]
[Site "Maspalomas ESP"]
[Date "2012.10.07"]
[Round "9.5"]
[White "Vega Gutierrez, Sabrina"]
[Black "Anton Guijarro, David"]
[Result "0-1"]
[WhiteElo "2364"]
[BlackElo "2546"]
[PlyCount "110"]
[EventDate "2012.09.29"]
[EventType "swiss"]
[EventRounds "9"]
[EventCountry "ESP"]
[Source "lmi"]
[SourceDate "2012.09.29"]

1. e4 e6 2. d3 d5 3. Qe2 Nc6 4. Nf3 d4 5. c3 a5 6. cxd4 Nxd4 7. Nxd4 Qxd4 8.
Qc2 Nf6 9. Nc3 Qd7 10. Be2 e5 11. Be3 Bd6 12. h3 O-O 13. O-O c6 14. d4 Qe7 15.
dxe5 Bxe5 16. Bd3 Re8 17. Rae1 Bd7 18. Na4 Bd6 19. Nb6 Rad8 20. Bd4 Bb4 21. e5
Bxe1 22. exf6 gxf6 23. Qc1 Bxf2+ 24. Bxf2 Bg4 25. Qf4 Bh5 26. Re1 Qf8 27. Rxe8
Qxe8 28. Bd4 c5 29. Qg3+ Bg6 30. Bxg6 Rxd4 31. Bf5+ Kh8 32. b3 Rd1+ 33. Kh2 Qe5
34. Qxe5 fxe5 35. Kg3 Rd2 36. Be4 Rxa2 37. Bxb7 Rb2 38. Bd5 Kg7 39. Na4 Rd2 40.
Bc4 f5 41. Nxc5 Kf6 42. Nb7 Ra2 43. Nc5 e4 44. Nd7+ Ke7 45. Nb6 Kd6 46. Bf1 Kc5
47. Nc4 Kd4 48. Nd6 f4+ 49. Kg4 e3 50. Nb5+ Ke5 51. Nc3 Rf2 52. Bc4 Rxg2+ 53.
Kf3 Rg3+ 54. Ke2 Rxh3 55. Na4 Kd4 0-1

[Event "77 España ch 2012"]
[Site "Maspalomas ESP"]
[Date "2012.10.07"]
[Round "9.6"]
[White "Suarez Garcia, Carlos"]
[Black "Alonso Rosell, Alvar"]
[Result "0-1"]
[WhiteElo "2274"]
[BlackElo "2529"]
[PlyCount "54"]
[EventDate "2012.09.29"]
[EventType "swiss"]
[EventRounds "9"]
[EventCountry "ESP"]
[Source "lmi"]
[SourceDate "2012.09.29"]

1. d4 Nf6 2. c4 c5 3. Nf3 cxd4 4. Nxd4 Nc6 5. g3 e6 6. Bg2 Qb6 7. Nc2 d5 8. O-O
dxc4 9. Nca3 Qa6 10. b3 cxb3 11. axb3 Be7 12. b4 Nxb4 13. Qb3 Qxe2 14. Be3 O-O
15. Nc3 Qh5 16. h3 Nfd5 17. g4 Qg6 18. Nxd5 Nxd5 19. Nb5 a6 20. Bxd5 exd5 21.
f3 Bxg4 22. hxg4 axb5 23. Qxb5 Rxa1 24. Rxa1 Qf6 25. Rf1 Qc6 26. Qb3 Bc5 27.
Rd1 Re8 0-1

[Event "77 España ch 2012"]
[Site "Maspalomas ESP"]
[Date "2012.10.07"]
[Round "9.7"]
[White "Romero Holmes, Alfonso"]
[Black "Tejedor Fuentes, Enrique"]
[Result "1/2-1/2"]
[WhiteElo "2508"]
[BlackElo "2287"]
[PlyCount "120"]
[EventDate "2012.09.29"]
[EventType "swiss"]
[EventRounds "9"]
[EventCountry "ESP"]
[Source "lmi"]
[SourceDate "2012.09.29"]

1. d4 Nf6 2. c4 e6 3. g3 d5 4. Bg2 Be7 5. Nf3 O-O 6. O-O dxc4 7. Na3 c5 8. Nxc4
Nc6 9. dxc5 Bxc5 10. a3 a5 11. Nfe5 Nxe5 12. Nxe5 Qe7 13. Qb3 Rd8 14. Be3 a4
15. Bxc5 Qxc5 16. Qc3 Qxc3 17. bxc3 Kf8 18. Rab1 Ra5 19. f4 Nd7 20. Rfd1 Ke7
21. Nc4 Rc5 22. Nd6 Nf6 23. Nxc8+ Rdxc8 24. Rxb7+ Kf8 25. Rb4 Rxc3 26. Rxa4 h5
27. Bf3 g6 28. Kf2 Kg7 29. Ra7 R8c5 30. Rb1 Ng8 31. Rbb7 Nh6 32. h3 h4 33. gxh4
R5c4 34. Rb4 Rc5 35. a4 Ra3 36. Rd7 Ra5 37. h5 R3xa4 38. Rxa4 Rxa4 39. hxg6
Kxg6 40. e4 f5 41. e5 Rxf4 42. Re7 Rb4 43. Rxe6+ Kg5 44. Rd6 Nf7 45. Rd5 Rb6
46. Kg3 f4+ 47. Kf2 Re6 48. Bg4 Rxe5 49. Rd7 Nh6 50. Bf3 Nf5 51. Rd8 Nh6 52.
Rh8 Re6 53. Rh7 Kg6 54. Ra7 Rb6 55. Be4+ Kg5 56. Rg7+ Kh4 57. Kf3 Rf6 58. Rg1
Nf7 59. Rg4+ Kh5 60. Rxf4 Ng5+ 1/2-1/2

[Event "77 España ch 2012"]
[Site "Maspalomas ESP"]
[Date "2012.10.07"]
[Round "9.8"]
[White "Lopez Gracia, Fernando"]
[Black "Cuenca Jimenez, Jose Fernando"]
[Result "0-1"]
[WhiteElo "2382"]
[BlackElo "2487"]
[PlyCount "98"]
[EventDate "2012.09.29"]
[EventType "swiss"]
[EventRounds "9"]
[EventCountry "ESP"]
[Source "lmi"]
[SourceDate "2012.09.29"]

1. Nf3 Nf6 2. c4 g6 3. Nc3 Bg7 4. e4 d6 5. d4 O-O 6. Be2 Na6 7. O-O e5 8. Be3
Ng4 9. Bg5 Qe8 10. dxe5 dxe5 11. h3 f6 12. Bd2 Nh6 13. Be3 Nf7 14. c5 c6 15.
Bxa6 bxa6 16. Nd2 f5 17. exf5 gxf5 18. f4 Rb8 19. Rb1 Rb4 20. a3 exf4 21. Bf2
Rb8 22. Qa4 Ne5 23. Qxf4 Rb7 24. Nf3 Nxf3+ 25. Qxf3 Rb3 26. Rfe1 Qg6 27. Rbd1
Rxb2 28. Rd6 Qf7 29. Bh4 Qc4 30. Be7 Qxc3 31. Qxc3 Bxc3 32. Re3 Bg7 33. Rg3
Rb1+ 34. Kh2 Re8 35. Bf6 Rb7 36. Rxc6 f4 37. Rg5 h6 38. Rxg7+ Rxg7 39. Bxg7
Kxg7 40. Rc7+ Kg6 41. c6 Kf6 42. Rh7 Ke5 43. Rxh6 Be6 44. Rh7 Rc8 45. c7 Bf5
46. Rh6 Rxc7 47. Rxa6 Be4 48. h4 Rg7 49. Ra5+ Kd4 0-1

[Event "77 España ch 2012"]
[Site "Maspalomas ESP"]
[Date "2012.10.07"]
[Round "9.9"]
[White "Forcen Esteban, Daniel"]
[Black "Fernandez Garcia, Jose Miguel"]
[Result "1-0"]
[WhiteElo "2469"]
[BlackElo "2356"]
[PlyCount "55"]
[EventDate "2012.09.29"]
[EventType "swiss"]
[EventRounds "9"]
[EventCountry "ESP"]
[Source "lmi"]
[SourceDate "2012.09.29"]

1. e4 c5 2. Nf3 e6 3. d4 cxd4 4. Nxd4 Nc6 5. Nc3 Qc7 6. Be2 a6 7. O-O Nf6 8.
Be3 Be7 9. f4 d6 10. Qe1 O-O 11. Qg3 Nxd4 12. Bxd4 b5 13. a3 Bb7 14. Kh1 Rae8
15. Rae1 Bd8 16. e5 dxe5 17. fxe5 Ne4 18. Qh3 Nxc3 19. Bxc3 Be4 20. Bd3 Bxd3
21. cxd3 Be7 22. Re3 Bxa3 23. Rg3 Kh8 24. Qh5 g6 25. Qh4 Rg8 26. Bd2 Be7 27.
Qxh7+ Kxh7 28. Rh3+ 1-0

[Event "77 España ch 2012"]
[Site "Maspalomas ESP"]
[Date "2012.10.07"]
[Round "9.10"]
[White "Gutierrez Olivares, Daniel"]
[Black "Gonzalez De La Torre, Santiago"]
[Result "0-1"]
[WhiteElo "2368"]
[BlackElo "2442"]
[PlyCount "86"]
[EventDate "2012.09.29"]
[EventType "swiss"]
[EventRounds "9"]
[EventCountry "ESP"]
[Source "lmi"]
[SourceDate "2012.09.29"]

1. c4 e6 2. e4 d5 3. exd5 exd5 4. cxd5 Nf6 5. Nc3 Be7 6. Nf3 O-O 7. Bc4 Bg4 8.
h3 Bh5 9. g4 Bg6 10. Ne5 c6 11. Nxg6 hxg6 12. dxc6 Nxc6 13. d3 Bc5 14. O-O Qd6
15. Kg2 Nd4 16. Be3 Qc6+ 17. f3 a6 18. Ne4 b5 19. Nxc5 Qxc5 20. Bb3 Rae8 21.
Qd2 Rxe3 22. Qxe3 Nxb3 23. Qxc5 Nxc5 24. Rfd1 Nd5 25. Kf2 Nf4 26. d4 Ncd3+ 27.
Ke3 Re8+ 28. Kd2 Re2+ 29. Kc3 b4+ 30. Kb3 Kf8 31. Rab1 Ke7 32. a3 a5 33. axb4
axb4 34. Ra1 Rxb2+ 35. Kc4 Rc2+ 36. Kb5 b3 37. Ra7+ Ke8 38. d5 Rc5+ 39. Kb6
Nxd5+ 40. Ka6 N3b4+ 41. Kb7 Rc7+ 42. Ka8 Rxa7+ 43. Kxa7 b2 0-1

[Event "77 España ch 2012"]
[Site "Maspalomas ESP"]
[Date "2012.10.07"]
[Round "9.11"]
[White "Todorcevic Antic, Miodrag"]
[Black "Garcia Blanco, Omar"]
[Result "1-0"]
[WhiteElo "2420"]
[BlackElo "2277"]
[PlyCount "79"]
[EventDate "2012.09.29"]
[EventType "swiss"]
[EventRounds "9"]
[EventCountry "ESP"]
[Source "lmi"]
[SourceDate "2012.09.29"]

1. d4 Nf6 2. Nf3 c5 3. c3 Qc7 4. g3 d6 5. Bg2 Nbd7 6. O-O e5 7. Na3 Be7 8. Nb5
Qb8 9. a4 a6 10. Na3 cxd4 11. cxd4 e4 12. Ng5 d5 13. Nb1 Nf8 14. Nc3 h6 15. Nh3
g5 16. f3 exf3 17. exf3 Be6 18. f4 g4 19. Nf2 h5 20. Nd3 h4 21. f5 hxg3 22.
fxe6 gxh2+ 23. Kh1 Nxe6 24. Rxf6 Bxf6 25. Nxd5 Bxd4 26. Qxg4 Qd6 27. Bf4 Nxf4
28. N3xf4 Be5 29. Rf1 Bxf4 30. Nxf4 Qb4 31. Qf5 Rf8 32. Nd5 Qd6 33. Re1+ Kd8
34. Rd1 Re8 35. Ne3 Qxd1+ 36. Nxd1 Re1+ 37. Kxh2 Rxd1 38. Qg4 Re1 39. Qd4+ Kc7
40. Qc3+ 1-0

[Event "77 España ch 2012"]
[Site "Maspalomas ESP"]
[Date "2012.10.07"]
[Round "9.13"]
[White "Alarcon Olmos, Daniel"]
[Black "Vega Gutierrez, Belinda"]
[Result "0-1"]
[WhiteElo "1901"]
[BlackElo "2206"]
[PlyCount "118"]
[EventDate "2012.09.29"]
[EventType "swiss"]
[EventRounds "9"]
[EventCountry "ESP"]
[Source "lmi"]
[SourceDate "2012.09.29"]

1. e4 e5 2. Nf3 Nc6 3. Bb5 Nge7 4. c3 g6 5. O-O Bg7 6. d4 exd4 7. cxd4 d5 8.
exd5 Nxd5 9. Re1+ Be6 10. Ne5 Qd6 11. Nc3 O-O 12. Ne4 Qb4 13. Bxc6 bxc6 14.
Nxc6 Qb6 15. Ne5 Rfe8 16. Nc5 Bf5 17. Na4 Qb5 18. Bd2 c5 19. Nc3 Nxc3 20. bxc3
Rad8 21. Bf4 cxd4 22. cxd4 Qd5 23. Qf3 Qxd4 24. Rad1 Qb6 25. Rxd8 Qxd8 26. h3
Qa5 27. Qe2 f6 28. Bd2 Qd5 29. Be3 Rxe5 30. Rd1 Qb5 31. Rd8+ Kf7 32. Qd2 Re7
33. a4 Qxa4 34. Qd5+ Be6 35. Qa8 Qa1+ 36. Kh2 Qe5+ 37. g3 Qf5 38. Bf4 Qxh3+ 39.
Kg1 Bc4 40. Rd1 Rd7 41. Re1 Be6 42. Qc8 Qf5 43. Qa8 Qd5 44. Qb8 Qb7 45. Ra1
Qxb8 46. Bxb8 f5 47. Ra4 Bd4 48. Kf1 Bb6 49. Ke2 h5 50. f4 Rd4 51. Ra3 Bc4+ 52.
Ke1 Re4+ 53. Kd2 a5 54. Be5 Be6 55. Rd3 a4 56. Bb2 Ba5+ 57. Kc2 Bb3+ 58. Kb1
Re1+ 59. Bc1 Rd1 0-1

[Event "77 España ch 2012"]
[Site "Maspalomas ESP"]
[Date "2012.10.07"]
[Round "9.14"]
[White "Camarena Gimenez, Rufino"]
[Black "Cuenca Jimenez, Francisco Javi"]
[Result "1-0"]
[WhiteElo "2393"]
[BlackElo "2177"]
[PlyCount "65"]
[EventDate "2012.09.29"]
[EventType "swiss"]
[EventRounds "9"]
[EventCountry "ESP"]
[Source "lmi"]
[SourceDate "2012.09.29"]

1. d4 d5 2. c4 e6 3. Nf3 Nf6 4. Nc3 Be7 5. Bg5 Nbd7 6. e3 O-O 7. Rc1 c6 8. Bd3
dxc4 9. Bxc4 b5 10. Bd3 Bb7 11. O-O a6 12. Bxf6 Nxf6 13. Ne4 Nxe4 14. Bxe4 Qc7
15. Bxc6 Bxc6 16. Ne5 Rac8 17. Rxc6 Qb7 18. Qc2 Rxc6 19. Qxc6 Qxc6 20. Nxc6 Bd6
21. Rc1 Ra8 22. Na5 Bb4 23. Nb7 a5 24. Rc7 Kf8 25. Kf1 Ra7 26. Ke2 g6 27. e4 a4
28. Kd3 a3 29. b3 h5 30. h3 Be1 31. f3 Kg7 32. e5 Bg3 33. Nd6 1-0

[Event "77 España ch 2012"]
[Site "Maspalomas ESP"]
[Date "2012.10.07"]
[Round "9.15"]
[White "Martin Hernandez, Ruben"]
[Black "Ortega Hermida, Daniel"]
[Result "1-0"]
[WhiteElo "2171"]
[BlackElo "2392"]
[PlyCount "84"]
[EventDate "2012.09.29"]
[EventType "swiss"]
[EventRounds "9"]
[EventCountry "ESP"]
[Source "lmi"]
[SourceDate "2012.09.29"]

1. e4 c5 2. Nf3 e6 3. d4 cxd4 4. Nxd4 a6 5. Bd3 Nf6 6. f4 d6 7. Qf3 g6 8. Nc3
Bg7 9. Nb3 Nc6 10. g4 Qc7 11. g5 Nd7 12. h4 b5 13. h5 Bb7 14. Bd2 Nb6 15. h6
Bf8 16. O-O-O Nc4 17. Rhe1 O-O-O 18. Kb1 Nxd2+ 19. Rxd2 Be7 20. Rde2 Rhe8 21.
Qf2 Rd7 22. Nd4 Bd8 23. Nxc6 Qxc6 24. Qg3 Ba5 25. f5 Bxc3 26. bxc3 Qxc3 27.
fxg6 fxg6 28. Rf1 Kb8 29. Rf6 e5 30. Qe1 Qc5 31. Ref2 d5 32. Rf7 Rxf7 33. Rxf7
Re7 34. Rg7 Rc7 35. exd5 Bxd5 36. Be4 Bf7 37. Rxh7 Qc4 38. Rh8+ Bg8 39. Qa5
Qxe4 40. Qb6+ Kc8 41. Rxg8+ Kd7 42. Rg7+ Ke8 1-0

[Event "77 España ch 2012"]
[Site "Maspalomas ESP"]
[Date "2012.10.07"]
[Round "9.16"]
[White "Moreno Tejera, Emilio"]
[Black "Trujillo Alvarado, Ivan"]
[Result "1/2-1/2"]
[WhiteElo "2358"]
[BlackElo "2151"]
[PlyCount "106"]
[EventDate "2012.09.29"]
[EventType "swiss"]
[EventRounds "9"]
[EventCountry "ESP"]
[Source "lmi"]
[SourceDate "2012.09.29"]

1. e4 c5 2. Nc3 Nc6 3. Nf3 e6 4. d4 cxd4 5. Nxd4 Qc7 6. Be3 a6 7. Qd2 Nf6 8.
O-O-O Bb4 9. f3 O-O 10. Nb3 Ne5 11. Bd4 Nc6 12. Bc5 Bxc5 13. Nxc5 b6 14. Nb3
Rd8 15. Qd6 Qxd6 16. Rxd6 Ne8 17. Rd1 Kf8 18. Nd4 Nxd4 19. Rxd4 Ke7 20. Rb4 Rb8
21. Na4 b5 22. Nc3 Nc7 23. e5 Bb7 24. Rg4 g6 25. a4 Bc6 26. axb5 axb5 27. Bd3
d6 28. Re1 b4 29. exd6+ Rxd6 30. Na2 b3 31. Nb4 Bd7 32. Rc4 Ne8 33. Rd1 bxc2
34. Bxc2 Rdb6 35. Nd3 Nf6 36. Ne5 Be8 37. Rc7+ Kf8 38. Nc4 Rb4 39. b3 Nd5 40.
Ra7 Nf4 41. Rd2 Nd5 42. Nd6 R4b6 43. Nxe8 Kxe8 44. Kb2 Kf8 45. Rd4 Kg7 46. g3
h5 47. f4 Rb5 48. Rc4 R5b6 49. Rd4 Rb5 50. Ka3 R5b6 51. Kb2 Rb5 52. Rc4 R5b6
53. Rd4 Rb5 1/2-1/2

[Event "77 España ch 2012"]
[Site "Maspalomas ESP"]
[Date "2012.10.07"]
[Round "9.17"]
[White "Alonso Valiente, Alexis"]
[Black "Pazos Porta, Antonio"]
[Result "1-0"]
[WhiteElo "2049"]
[BlackElo "2307"]
[PlyCount "107"]
[EventDate "2012.09.29"]
[EventType "swiss"]
[EventRounds "9"]
[EventCountry "ESP"]
[Source "lmi"]
[SourceDate "2012.09.29"]

1. d4 Nf6 2. Nf3 g6 3. e3 Bg7 4. Be2 O-O 5. b3 b6 6. Bb2 Bb7 7. c4 d6 8. O-O
Nbd7 9. Nc3 a6 10. Qc2 c5 11. d5 b5 12. h3 Rb8 13. Nd2 bxc4 14. bxc4 Qc7 15. f4
e6 16. e4 Rfe8 17. Bf3 exd5 18. exd5 Bc8 19. Rae1 Rxe1 20. Rxe1 Nf8 21. g4 h5
22. gxh5 Bf5 23. Nde4 Qe7 24. hxg6 Nxe4 25. gxf7+ Qxf7 26. Bxe4 Qg6+ 27. Kh2
Bxe4 28. Rxe4 Rxb2 29. Qxb2 Qxe4 30. Nxe4 Bxb2 31. Nxd6 Nd7 32. Kg3 Nf6 33. Kh4
Kf8 34. Kg5 Ke7 35. Nb7 Bd4 36. Kf5 Nd7 37. d6+ Kf7 38. h4 Nb6 39. h5 Ke8 40.
Ke6 Nd7 41. Kd5 Nf6+ 42. Kc6 Be3 43. h6 Kf8 44. Nxc5 Kf7 45. h7 Kg7 46. Ne6+
Kxh7 47. d7 Nxd7 48. Kxd7 Kg6 49. c5 Kf5 50. c6 Bb6 51. c7 Bxc7 52. Nxc7 Kxf4
53. Nxa6 Ke4 54. Kc6 1-0

[Event "77 España ch 2012"]
[Site "Maspalomas ESP"]
[Date "2012.10.07"]
[Round "9.18"]
[White "Suarez Gomez, Julio"]
[Black "Alvarado Diaz, Alejandro"]
[Result "1/2-1/2"]
[WhiteElo "2065"]
[BlackElo "2258"]
[PlyCount "118"]
[EventDate "2012.09.29"]
[EventType "swiss"]
[EventRounds "9"]
[EventCountry "ESP"]
[Source "lmi"]
[SourceDate "2012.09.29"]

1. e4 d5 2. exd5 Qxd5 3. d4 Nf6 4. Nf3 g6 5. Be2 Bg7 6. O-O O-O 7. Be3 a6 8. c4
Qd6 9. h3 c6 10. Qb3 b5 11. Nc3 Be6 12. a4 bxc4 13. Bxc4 Bxc4 14. Qxc4 Nbd7 15.
a5 Rfb8 16. Qe2 Nd5 17. Nxd5 cxd5 18. Rfc1 Rb5 19. Rc2 Rab8 20. Qd2 Qb4 21.
Qxb4 Rxb4 22. Rc6 Ra8 23. Rc7 Nf8 24. Ra2 Bf6 25. Rc5 Rd8 26. Rc6 Rd6 27. Rxd6
exd6 28. Bd2 Rb5 29. b4 Ne6 30. Rc2 Nd8 31. Rc8 Kg7 32. Ra8 Nc6 33. Rxa6 Nxb4
34. Rxd6 Be7 35. Rb6 Rxb6 36. axb6 Nc6 37. Bf4 Na5 38. Ne5 Kf6 39. Bd2 Nb7 40.
Nc6 Bd6 41. Bb4 Ke6 42. Bxd6 Kxd6 43. Nb4 Na5 44. Kf1 Nb3 45. Nxd5 Nxd4 46. b7
Nc6 47. Nf6 h5 48. Ne4+ Kc7 49. g3 Kxb7 50. Nd6+ Kc7 51. Nxf7 Kd7 52. Kg2 Ke7
53. Ng5 Kf6 54. Ne4+ Ke5 55. Nd2 Kf5 56. Nc4 Nd4 57. f3 Nc6 58. Kf2 g5 59. Nb6
h4 1/2-1/2